000 00281nam a2200133Ia 4500
100 _aTimoshenko Stephen
942 _cBK
654 _aMechanics
245 _aEngineering Mechanics
260 _bMcGraw Hill
_aTokyo
_c1956
082 _a620.1
300 _a478
546 _aENGLISH
999 _c19005
_d19005